South Park - Statistics

General Stats
  • This quiz has been taken 420 times
  • The average score is 11 of 15
Answer Stats
Hint % Correct
Who is Professor Chaos? butters
94%
Nationality of Ike? canadian
93%
The name of the talking poo? Mr Hankey
93%
First girl to grow boobs? bebe
89%
Who does the biggest crap in South Park? Randy
89%
Who is really AWESOMO? cartman
86%
Who has chocolate salty balls? chef
82%
Scott Tenorman sells Cartman what? pubes
82%
Which animal teaches about sexual harressment? panda
81%
Who hunts ManBearPig? Al Gore
79%
Who hates the Fishsticks joke? Kanye
77%
South Park elementary star dodgeball player? pip
60%
Where do pan flute bands come from? peru
59%
The gaming system Kennys good with? Psp
42%
What nationality are the quintuplets? romanian
37%
No matching quizzes found
Score Distribution
Percent of People with Each Score
Percentile by Number Answered
Your Score History
You have not taken this quiz